00897 a2200217 45000010006000000050017000060080041000230030015000640400040000790800036001192450079001550200022002342640043002563000024002995050252003230410008005751000028005837000020006117000021006317000027006526252220260407155918.0260407a2001 arg spa dAR-UNSa-BCEJYS aAR-UNSa-BCEJYSbspacAR-UNSa-BCEJYS a654.15xTelefonía Alámbrica10aLa telefonía en la ArgentinapDe la privatización a la desregulación a978-950-537-562-2 1aBuenos Aires :bEdiciones Macchic2001 axii, 531 p.c22 cm. a1. Teoría económica aplicada a las telecomunicaciones - 2. La transformación del sector – 3. La privatización – 4. La posibilidad de competencia – 5. Interconexión y servicio universal – 6. La desregulación – 7. Perspectivas. aspa1 aBeker, Víctor Alberto1 aCenzon, Edgardo1 aGalperin, Carlos1 aRozenwurcel, Guillermo